00911nam a2200205 i 450000100060000000300090000600500170001500700030003200800410003510000320007624501180010826000410022630000200026750502270028774000380051474000500055274000310060274000490063385200230068263712ES-MaACL20230906164941.0t|031216m19081912be ||||1| fre d1 aFierens-Gevaert, Hippolyte.13aLa peinture en Belgique, musées, églises, collections, etc. / cpar Fierens-Gevaert ; les primitifs flamands. aBruxelles : bG. van Oes, c1908-12. a4 v. ; c32 cm.8 aContiene: V. I: Les créateurs de l'art flamand. -- V. II: Maturité des écoles de Bruges et de Gand. V. III: Débuts du XVIe siècle : fin de l'idéal gothique. -- V. IV: Réalistes et romanisants du XVIe siècle4 aLes créateurs de l'art flamand.0 aMaturité des écoles de Bruges et de Gand.0 aDébuts du XVIe siècle.0 aRéalistes et romanisants du XVIe siècle. aES-MaACLjF-477-80